000
00310nam a2200121Ia 4500
008
190216s9999||||xx |||||||||||||| ||und||
100
_a
Tahnu Pilla & Sivanad Pilla
245
0
_a
Problems On Statistics
260
_b
"Progress Publishers, Moscow"
_c
1972
300
_a
380p
650
_a
Commerce
942
_c
BK
999
_c
4090
_d
4090